书目信息 |
| 题名: |
前列腺炎自测与康复
|
|
| 作者: | 高溥超 , 高桐宣 主编 | |
| 分册: | ||
| 出版信息: | 北京 化学工业出版社 2007.03 |
|
| 页数: | 115页 | |
| 开本: | 20cm | |
| 丛书名: | 家庭医学手绘丛书 | |
| 单 册: | ||
| 中图分类: | R697.05 | |
| 科图分类: | ||
| 主题词: | 泌尿科学 , 泌尿系统疾病 | |
| 电子资源: | ||
| ISBN: | 978-7-5025-9908-9 | |
| 000 | 00732nam0 2200241 450 | |
| 001 | 1132491953 | |
| 005 | 20110923090432.95 | |
| 010 | @a978-7-5025-9908-9@dCNY15.00 | |
| 100 | @a20110923d2007 km y0chiy0120 ea | |
| 101 | 0 | @achi |
| 102 | @aCN@b110000 | |
| 200 | 1 | @a前列腺炎自测与康复@Aqian lie xian yan zi ce yu kang fu@f高溥超,高桐宣主编@Fgao pu chao,gao tong xuan zhu bian |
| 210 | @a北京@c化学工业出版社@d2007.03 | |
| 215 | @a115页@d20cm | |
| 225 | 2 | @a家庭医学手绘丛书 |
| 410 | 0 | @12001 @a家庭医学手绘丛书 |
| 606 | 0 | @a泌尿科学 |
| 606 | 0 | @a泌尿系统疾病 |
| 690 | @aR697.05@v5 | |
| 701 | 0 | @a高溥超@Agao pu chao@4主编 |
| 701 | 0 | @a高桐宣@Agao tong xuan@4主编 |
| 801 | 0 | @aCN@bNISOFT@c20110923 |
| 905 | @aBZT@dR697.05@e2 | |
| 前列腺炎自测与康复/高溥超,高桐宣主编.-北京:化学工业出版社,2007.03 |
| 115页;20cm.-(家庭医学手绘丛书) |
| ISBN 978-7-5025-9908-9:CNY15.00 |
| ● |
| 相关链接 |
|
|
|
正题名:前列腺炎自测与康复
索取号:R697.05/2
 
预约/预借
| 序号 | 登录号 | 条形码 | 馆藏地/架位号 | 状态 | 备注 |
| 1 | 795847 | 2000795847 | 样本书库/样004架A面2层3列/ [索取号:R697.05/2] | 在馆 | |
| 2 | 795848 | 2000795848 | 中心书库中库/ 中库012架A面3列4层37/ [索取号:R697.05/2] | 在馆 | |
| 3 | 795849 | 2000795849 | 中心书库中库/ 中库012架A面3列4层38/ [索取号:R697.05/2] | 在馆 | |
| 4 | 795850 | 2000795850 | 中心书库中库/ 中库012架A面3列4层36/ [索取号:R697.05/2] | 在馆 | |
| 5 | 795851 | 2000795851 | 中心书库中库/ 中库012架A面3列4层35/ [索取号:R697.05/2] | 在馆 |